000 01696nam a2200253Ia 4500
008 260220t2002||||xx |||||||||||||| ||spa||
020 _a9875501328
040 _aPY-SlUNAC
_bspa
_erda
041 _aspa
082 _a574.87
_bSua12c
100 _aSuárez, Hilda
_eAutor
245 0 _aLas células :
_bunidad de los seres vivos /
_cpor Hilda Suárez [Autor]
264 _aBuenos Aires :
_bLogseller,
_c℗2002.
300 _a1 volumen
520 _aEn "Las células: unidad de los seres vivos", Hilda Suárez ofrece una exploración exhaustiva sobre la célula, considerada la unidad fundamental de la vida. El texto aborda la estructura celular, diferenciando entre células procariotas y eucariotas, y explica cómo estas unidades biológicas forman la base de todos los organismos. Suárez detalla los componentes celulares, como la membrana plasmática, el núcleo y los orgánulos, y su función en los procesos vitales, incluyendo la reproducción, el metabolismo y la respuesta a estímulos. Además, se discute la importancia de la investigación celular en la biología moderna, así como su relevancia en el desarrollo de la medicina y la biotecnología. A través de un enfoque didáctico y accesible, el libro no solo proporciona una sólida base teórica, sino que también invita a reflexionar sobre la complejidad y la diversidad de la vida a nivel celular, resaltando la interconexión entre los seres vivos y su entorno.
653 _aBiología
653 _aCélulas
653 _aOrganismos vivos
942 _b2026/02/17
_cBK
999 _c8166
_d8166